000 00675nam a2200229Ia 4500
003 OSt
005 20220923230334.0
006 a|||||r|||| 00| 0
007 ta
008 220922b |||||||| |||| 00| 0 hin d
024 _a279,565
037 _cTextual
040 _aARTS
_cARTS
_bhin
041 _2hin
_ahin
082 _aO153,1NRA9x, M5
100 _aਰਾਹੀ, ਪ੍ਰੀਤਮ ਸਿੰਘ
245 0 _aਸਾਫ਼ਰ ਤੋ੍ਵ ਸਲੀਬ ਤਕ
260 _c1985
650 _aਪੰਜਾਬੀ ਸਾਹਿਤ
942 _hO153,1NRA9x, M5
_cTEXL
_2CC
999 _c384068
_d384068